中山市有哪些镇街——中文区 - Statistics

General Stats
  • This quiz has been taken 6 times
  • The average score is 19 of 23
Answer Stats
HINT ANSWER % Correct
8个街道 石岐街道
100%
东区街道
100%
西区街道
100%
五桂山街道
100%
民众街道
100%
15个镇 黄圃镇
100%
小榄镇
100%
古镇镇
100%
三乡镇
100%
神湾镇
100%
南区街道
75%
南朗街道
75%
东凤镇
75%
阜沙镇
75%
横栏镇
75%
三角镇
75%
港口镇
75%
大涌镇
75%
坦洲镇
75%
中山港街道
50%
南头镇
50%
沙溪镇
50%
板芙镇
50%
No matching quizzes found
Score Distribution
Percent of People with Each Score
Percentile by Number Answered
Your Score History
You have not taken this quiz